| 000 | 00859nas a2200265 4500 | ||
|---|---|---|---|
| 001 | BR8705742 | ||
| 003 | BR-BrBNA | ||
| 005 | 20231205090812.0 | ||
| 007 | ta | ||
| 008 | 230509b bl.|||p| |||| 00| 00por d | ||
| 040 |
_aBR-BrBNA _bpor _cBiblioteca Nacional de Agricultura |
||
| 041 | _a(En) | ||
| 072 | _aF60 | ||
| 100 | 1 | _aAmaya-Farfan, J. | |
| 100 | 1 | _aRodriguez-Amaya, D.B. | |
| 100 | 1 | _aNoleto Cruz, P. | |
| 100 | 1 | _aMarques, E.P. | |
| 245 | 1 | _aFatty acid and amino acid composition of some indigenous fruits of northeastern Brazil [anaja, tucum, macauba, bacuri] | |
| 650 | _aFRUTA TROPICAL | ||
| 650 | _aCOMPOSICAO QUIMICA | ||
| 650 | _aACIDO GRAXO | ||
| 773 | 0 |
_tCiencia e Tecnologia de Alimentos (Brazil) _xISSN 0101-2061 _g(Jan-Jun 1986), v. 6(1) p. 86-92 _wBR8705742 |
|
| 909 |
_a202311 _bLúcia _c55 _dLúcia Elande |
||
| 942 |
_2AGRIS _n0 _cANA |
||
| 999 |
_c120940 _d120940 |
||